00375 a2200145 4500003000400000005001700004008004100021020001800062040000900080082001500089100002600104245005900130260003200189300000800221OSt20240111122402.0240111b |||||||| |||| 00| 0 eng d a9789382581109 coclc a297bABD/M aAbdulla, Abdul Jabbar aMadyam prashnamo? pariharamo? /cAbdul Jabbar Abdullah aKerala:bDa'wa books,c2012 a46p